All Lifesteal Season 7 Members - Statistics

General Stats
  • This quiz has been taken 380 times
  • The average score is 29 of 38
Answer Stats
Season Joined Answer % Correct
1 ClownPierce
96%
1 ashswagg
93%
5 JumperWho
92%
5 MinuteTech
90%
2 rekrap2
90%
2 PrinceZam
89%
6 FlameFrags
88%
1 Mapicc
88%
6 ManePear
87%
5 TheRealSquiddo
87%
6 hannahxxrose
85%
1 SpokeIsHere
85%
5 4CVIT
84%
6 Derapchu
83%
2 Pangi
81%
7 jojosolos
80%
5 Peentar
80%
6 SB737
80%
1 Leow0ok
79%
7 yungwillx
79%
3 baconnwaffles0
77%
5 Wemmbu
76%
7 Dtowncat
72%
6 ECorridor
71%
3 MrCube6
71%
1 Woogiex
71%
1 Yeah_Jaron
71%
1 Reddoons
70%
1 Jepexx
66%
2 PlanetLord
63%
1 Poafa
63%
2 Midmysticx
62%
1 roshambogames
62%
6 CHIEFXD
60%
1 TheTerrain
60%
2 Spepticle
58%
1 Vort3xDragon
57%
1 Vitalasy
55%
No matching quizzes found
Score Distribution
Percent of People with Each Score
Percentile by Number Answered
Your Score History
You have not taken this quiz